Biblioteca y Centro de Documentación

Vista normal Vista MARC

Entrada Nombre corporativo

Número de registros utilizados en: 2

001 - NÚMERO DE CONTROL

  • Campo de control: 40746

003 - IDENTIFICADOR DE NÚMERO DE CONTROL

  • Campo de control: ES-MaCES

005 - FECHA Y HORA DE LA ULTIMA MODIFICACION

  • Campo de control: 20230828114704.0

008 - ELEMENTOS DE DATOS DE LONGITUD FIJA

  • Campo de longitud fija: 120411 | azznnaabn |n ana d

035 ## - NÚMERO DE CONTROL DEL SISTEMA

  • Número de control del sistema: CES20120000460e

040 ## - FUENTE DE LA CATALOGACIÓN

  • Agencia original de catalogación: ES-MaCES
  • Idioma de catalogación: spa
  • Agencia de transcripción: ES-MaCES

110 1# - ENCABEZAMIENTO--NOMBRE CORPORATIVO

  • Nombre corporativo o de jurisdicción como elemento de entrada: Unión Europea
  • Título de una obra: Directiva relativa a la conciliación de la vida familiar y la vida profesional de los progenitores y los cuidadores, y por la que se deroga la Directiva 2010/18/UE del Consejo, 2019

670 ## - FUENTE DE DATOS ENCONTRADOS

  • Fuente de citación: DOCE L188/79 de 12/07/2019
  • Información encontrada: : Directiva (UE) 2019/1158 del Parlamento Europeo y del Consejo de 20 de junio de 2019

901 ## - CES. DATOS SIRTEX

  • ID Sirtex (N5N8): 0001800007594
  • 005BIS Sirtex: 201204111315ALORITE
© CES, Consejo Económico y Social de España 2021